000 01801nam a2200313 i 4500
003 DO-SdBNP
005 20260429123224.0
007 ta
008 240212b2022 dr ||||| |||| 00| 0 spa d
020 _a9789945927528
040 _aDO-SdBNP
_bspa
_cBNPHU
_erda
082 4 _a323.04097293
_bR426c
_222
111 1 _aConcurso Nacional de Ensayo "Democracia e Identidad "
_n(1 :
_d2022
_cSanto Domingo )
_985053
245 1 0 _aCompendio de ensayos en materia electoral y del estado civil /
_cConcurso Nacional de Ensayo ''Democracia e Identidad 2022''; coordinación editorial, Gustavo Adolfo Jiménez Rodríguez, Mercedes Alcántara Rodríguez
264 _aSanto Domingo :
_bJunta Central Electoral,
_c2022.
300 _a283 páginas ;
_c24 cm.
336 _2rdacontent
_atexto
_btxt
337 _2rdamedia
_asin mediación
_bn
338 _2rdacarrier
_avolumen
_bnc
500 _aIncluye referencias bibliográficas y notas al pie de las páginas
505 _aPrefacio--
_tPresentación --
_tPrimer lugar /
_rKarina Noelia Espinal--
_tSegundo lugar /
_rJonathan Abel Peralta Ovalle --
_rTercer Lugar /
_rJosephine América Peña Núñez --
_tCuarto lugar /
_rPablo Vicente Batista --
_tQuinto lugar /
_rRaykeny de Jesús Rodríguez Rosario --
_tEnsayos con mención /
_rElisa Alexandra Abreu Jiménez, Santo Miguel Octavo Román-García, Rosanny Albertina Medina Tejada, Brianda María MercedesTrujillo Florez Estrada, Stefany María Peña Hernández.
590 _aInventariado 2024 / DG
650 0 _aParticipación política
_9456
650 4 _aMujeres en la política
_zRepública Dominicana
_96586
700 1 _923002
_aJiménez Rodríguez, Gustavo Adolfo,
_ecoordinación editorial
700 1 _aAlcántara Rodríguez, Mercedes,
_ecoordinación editorial
_985054
910 _aBtavárez
942 _2ddc
_cLBS1
999 _c55918
_d55918